[Event "Forquilhinha op"]
[Site "Forquilhinha"]
[Date "2013.10.11"]
[Round "3"]
[White "Mombach, Henrique"]
[Black "Da Silva Mach, John Jones"]
[Result "0-1"]
[WhiteElo "1800"]
[BlackElo "1800"]
[PlyCount "58"]
[EventDate "2013.10.10"]
[EventType "swiss"]
[EventRounds "7"]
[EventCountry "BRA"]
[SourceTitle "EXT 2014"]
[Source "ChessBase"]
[SourceDate "2013.11.20"]
[SourceVersion "1"]
[SourceVersionDate "2013.11.20"]
[SourceQuality "1"]

1. e4 e5 2. Nf3 Nf6 3. Nxe5 Qe7 4. d4 Nc6 5. f4 Nxe5 6. dxe5 Nxe4 7. Bd3 Qh4+ 8. g3 Nxg3 9. hxg3 Qxh1+ 10. Bf1 Qe4+ 11. Be2 d5 12. Nc3 Bb4 13. Bd2 Bxc3 14. bxc3 Bg4 15. c4 Qxe2+ 16. Qxe2 Bxe2 17. Kxe2 dxc4 18. Bb4 0-0-0 19. Be7 Rd7 20. Bc5 a6 21. f5 Re8 22. e6 fxe6 23. fxe6 Rxe6+ 24. Kf2 Rd5 25. Ba7 Rf5+ 26. Kg2 Re2+ 27. Bf2 Rfxf2+ 28. Kh3 h5 29. Rd1 Rh2# 0-1

[Event "Forquilhinha op"]
[Site "Forquilhinha"]
[Date "2013.10.10"]
[Round "1"]
[White "Mombach, Henrique"]
[Black "Reichert, Thiago da Cruz"]
[Result "0-1"]
[WhiteElo "1800"]
[BlackElo "2012"]
[PlyCount "64"]
[EventDate "2013.10.10"]
[EventType "swiss"]
[EventRounds "7"]
[EventCountry "BRA"]
[SourceTitle "EXT 2014"]
[Source "ChessBase"]
[SourceDate "2013.11.20"]
[SourceVersion "1"]
[SourceVersionDate "2013.11.20"]
[SourceQuality "1"]

1. e4 e6 2. Nf3 d5 3. exd5 exd5 4. Qe2+ Be7 5. Ne5 Nf6 6. d3 0-0 7. Qd2 Re8 8. Be2 Bd6 9. Nf3 Bg4 10. 0-0 Nc6 11. Nc3 Qd7 12. Qe1 Bxf3 13. Bxf3 Rxe1 14. Rxe1 Re8 15. Be2 Nd4 16. Be3 Nxc2 17. Rec1 Nxa1 18. Rxa1 Bb4 19. a3 d4 20. Bg5 dxc3 21. axb4 Rxe2 22. bxc3 Qe6 23. h3 Re1+ 24. Rxe1 Qxe1+ 25. Kh2 Qxc3 26. d4 Qxd4 27. b5 Qe5+ 28. f4 Qxb5 29. g3 Qe2+ 30. Kg1 Ne4 31. Be7 Qf2+ 32. Kh1 Nxg3# 0-1